| 000 | 00520nam a2200145Ia 4500 | ||
|---|---|---|---|
| 008 | 170221s9999 xx 000 0 und d | ||
| 100 | _aAlan Harper | ||
| 245 | _aExamining market efficiency: A view from the silver futures market | ||
| 245 | _cAlan Harper, South University; Zhenhu Jin, Valparaiso University; Raufu Sokunle, CLS Group. | ||
| 260 | _bJournal of Management and Marketing Research | ||
| 260 | _c2012 | ||
| 300 | _a32 : 19 | ||
| 650 | _xBusiness | ||
| 856 | _uhttp://www.aabri.com/manuscripts/152181.pdf | ||
| 999 |
_c311413 _d311413 |
||